|
|
|
|
| LEADER |
01056nam a2200241 i 4500 |
| 003 |
GR-PaULI |
| 005 |
20230118115940.0 |
| 008 |
230118t2000 enko|||f |||| 001 0 eng d |
| 952 |
|
|
|0 0
|1 0
|2 ddc
|4 0
|6 747_300000000000000_LIN
|7 0
|9 367539
|a ARCH
|b ARCH
|c BSC
|d 2023-01-18
|i 014119
|l 0
|o 747.3 LIN
|p 025000215444
|r 2023-01-18 00:00:00
|t 1
|w 2023-01-18
|y BK15
|
| 999 |
|
|
|c 214777
|d 214777
|
| 020 |
|
|
|a 1840911298
|
| 040 |
|
|
|a GR-PaULI
|b gre
|c GR-PaULI
|e AACR2
|
| 082 |
0 |
4 |
|2 23
|a 747.3
|
| 100 |
1 |
|
|9 195541
|a Linton, Mary Fox
|e συγγραφέας.
|
| 245 |
1 |
0 |
|a Window style :
|b blinds, curtains, screens, shutters /
|c Mary Fox Linton ; special photography by Pia Tryde.
|
| 260 |
|
|
|a London :
|b Conran Octopus,
|c c 2000.
|
| 300 |
|
|
|a 160 σ. :
|b φωτ. ;
|c 28 εκ.
|
| 500 |
|
|
|a Περιλαμβάνει ευρετήριο.
|
| 650 |
|
4 |
|9 131628
|a Κουρτίνες
|x Εικονογραφημένα έργα.
|
| 650 |
|
4 |
|9 25782
|a Εσωτερική διακόσμηση
|
| 700 |
1 |
|
|9 195546
|a Tryde, Pia
|e φωτογράφος.
|
| 942 |
|
|
|2 ddc
|c BK15
|
| 998 |
|
|
|c ΒΑΣΙΛΕΙΟΥ
|d 2023-01
|